[Event "26.Schlosspark-Open"]
[Site "Wiesbaden-Biebrich"]
[Date "2014.08.31"]
[Round "6.51"]
[White "Özdemir, Ali Özden"]
[Black "Hoffmann, Jens"]
[Result "1-0"]
[WhiteElo "1958"]
[BlackElo "1843"]
[PlyCount "51"]
[EventDate "2014.??.??"]
[WhiteTeam "SK Langen"]
[BlackTeam "SF HN-Biberach 1978 e.V."]

1. e4 d6 2. d4 Nf6 3. Nc3 g6 4. Bg5 Bg7 5. Qd2 c6 6. f4 b5 7. Bd3 O-O 8. Nf3
Nbd7 9. O-O Qb6 10. Ne2 c5 11. c3 cxd4 12. cxd4 Bb7 13. Ng3 h6 14. Bh4 e5 15.
Rad1 exf4 16. Qxf4 g5 17. Bxg5 hxg5 18. Qxg5 Ne5 19. Nf5 Ng6 20. e5 Nh7 21.
Ne7+ Nxe7 22. Bxh7+ Kxh7 23. Qh5+ Kg8 24. Ng5 Rfd8 25. Qxf7+ Kh8 26. Qh5+ 1-0

[Event "26.Schlosspark-Open"]
[Site "Wiesbaden-Biebrich"]
[Date "2014.08.31"]
[Round "6.52"]
[White "Rump, Andreas"]
[Black "Bajorski, Marius"]
[Result "1/2-1/2"]
[WhiteElo "1939"]
[BlackElo "1807"]
[PlyCount "34"]
[EventDate "2014.??.??"]
[WhiteTeam "SG Turm Idstein"]
[BlackTeam "SV 1920 Hofheim"]

1. e4 e5 2. Nf3 Nc6 3. Bb5 a6 4. Ba4 Nf6 5. d3 b5 6. Bb3 d6 7. c3 Na5 8. Bc2 c5
9. O-O Nc6 10. h3 Be7 11. Nh2 d5 12. Bg5 d4 13. a4 b4 14. c4 h6 15. Bc1 g5 16.
g4 Be6 17. a5 Qc7 1/2-1/2

[Event "26.Schlosspark-Open"]
[Site "Wiesbaden-Biebrich"]
[Date "2014.08.31"]
[Round "6.53"]
[White "Krüger, Stefan"]
[Black "Marzec, Witold"]
[Result "1-0"]
[WhiteElo "1912"]
[BlackElo "1800"]
[PlyCount "77"]
[EventDate "2014.??.??"]
[WhiteTeam "SF Leherheide"]
[BlackTeam "vereinslos"]

1. d4 Nf6 2. c4 e6 3. Nc3 d5 4. cxd5 exd5 5. Bg5 Be7 6. e3 O-O 7. Bd3 h6 8. Bf4
c6 9. Nge2 Nbd7 10. Qc2 b5 11. h3 a6 12. O-O c5 13. a3 c4 14. Bf5 Nb6 15. Bxc8
Rxc8 16. f3 Bd6 17. Bxd6 Qxd6 18. e4 Qe7 19. e5 Nh7 20. f4 f5 21. Kh2 Qe6 22.
Nd1 g6 23. Ne3 Rf7 24. Rf3 Nf8 25. g4 Nh7 26. gxf5 gxf5 27. Rg1+ Kh8 28. h4
Rcf8 29. Rfg3 Qe7 30. Kh3 a5 31. Nc3 Qd7 32. Qg2 Qd8 33. Nxb5 Rd7 34. Rg6 Nc8
35. Rxh6 Rb7 36. Nxd5 Rff7 37. Rg6 Nf8 38. Rg8+ Kh7 39. Rh8+ 1-0

[Event "26.Schlosspark-Open"]
[Site "Wiesbaden-Biebrich"]
[Date "2014.08.31"]
[Round "6.54"]
[White "Eg, Karlheinz"]
[Black "Schmitt, Clemens"]
[Result "1-0"]
[WhiteElo "1896"]
[BlackElo "1581"]
[PlyCount "53"]
[EventDate "2014.??.??"]
[WhiteTeam "SV Rüsselsheim 1929"]
[BlackTeam "SV Bergwinkel"]

1. e4 e6 2. d4 d5 3. exd5 exd5 4. c4 Nf6 5. Nc3 Bb4 6. a3 Bxc3+ 7. bxc3 O-O 8.
Bd3 c5 9. Ne2 cxd4 10. cxd4 dxc4 11. Bxc4 b5 12. Bb3 Bb7 13. O-O Bd5 14. Bc2
Bc4 15. Bg5 Qd6 16. Re1 Nbd7 17. Ng3 Qb6 18. Nf5 Be6 19. Ne7+ Kh8 20. d5 Bg4
21. Qd3 Qd6 22. Re3 a6 23. Rae1 Bh5 24. Rh3 Bg6 25. Nxg6+ fxg6 26. Qxg6 h6 27.
Bxh6 1-0

[Event "26.Schlosspark-Open"]
[Site "Wiesbaden-Biebrich"]
[Date "2014.08.31"]
[Round "6.55"]
[White "Weiland, Thomas"]
[Black "Thybo, Thomas Sondergaard"]
[Result "1-0"]
[WhiteElo "1889"]
[BlackElo "1525"]
[PlyCount "53"]
[EventDate "2014.??.??"]
[WhiteTeam "SV Oberursel"]
[BlackTeam "Morso Skak Klub"]

1. e4 Nc6 2. Nf3 d6 3. d4 e5 4. dxe5 dxe5 5. Qxd8+ Kxd8 6. c3 Bc5 7. Bb5 Nge7
8. O-O f6 9. Nbd2 Be6 10. b4 a6 11. Bxc6 Nxc6 12. bxc5 Ke7 13. a4 g5 14. Ba3 h5
15. Rab1 Rab8 16. h4 gxh4 17. Nxh4 Rhg8 18. Kh2 Rg4 19. g3 Rbg8 20. Rg1 Kd7 21.
Rxb7 Ne7 22. f3 R4g7 23. Rbb1 f5 24. c6+ Kxc6 25. Bxe7 Rxe7 26. exf5 Bf7 27.
Ne4 1-0

[Event "26.Schlosspark-Open"]
[Site "Wiesbaden-Biebrich"]
[Date "2014.08.31"]
[Round "6.56"]
[White "Bratmann, Marc"]
[Black "Kobs, Stephan"]
[Result "0-1"]
[WhiteElo "1747"]
[BlackElo "1942"]
[PlyCount "66"]
[EventDate "2014.??.??"]
[WhiteTeam "SAbt TuS Dotzheim"]
[BlackTeam "Hildesheimer SV"]

1. e4 c5 2. c4 Nc6 3. Nc3 g6 4. g3 Bg7 5. Bg2 e6 6. Nge2 d6 7. d3 Nge7 8. O-O
O-O 9. Be3 Nd4 10. Rb1 Rb8 11. Nb5 Nxe2+ 12. Qxe2 a6 13. Nc3 Nc6 14. Qd2 Nd4
15. b4 b6 16. f4 f5 17. Ne2 Bb7 18. Nxd4 cxd4 19. Bf2 e5 20. fxe5 dxe5 21. Be1
fxe4 22. dxe4 Rxf1+ 23. Kxf1 Qf8+ 24. Kg1 Bh6 25. Qe2 Rd8 26. Qd3 Be3+ 27. Kh1
Qf7 28. a3 Rc8 29. c5 bxc5 30. bxc5 Rxc5 31. Bb4 Rc1+ 32. Rxc1 Bxc1 33. Qf1
Qxf1+ 0-1

[Event "26.Schlosspark-Open"]
[Site "Wiesbaden-Biebrich"]
[Date "2014.08.31"]
[Round "6.57"]
[White "Gelfenbaum, Daniel"]
[Black "Anhalt, Albert"]
[Result "0-1"]
[WhiteElo "1716"]
[BlackElo "1909"]
[PlyCount "120"]
[EventDate "2014.??.??"]
[WhiteTeam "SAbt TuS Makkabi Ffm"]
[BlackTeam "SG Turm Idstein"]

1. e4 e5 2. Nf3 Nc6 3. d4 exd4 4. Nxd4 Bc5 5. Nb3 Bb6 6. Nc3 d6 7. Qe2 Be6 8.
Be3 Nf6 9. O-O-O Qd7 10. g3 O-O-O 11. Bg2 Ng4 12. Bxb6 axb6 13. f4 Bxb3 14.
axb3 Rhe8 15. Bh3 f5 16. Qf3 g6 17. e5 Ngxe5 18. fxe5 Rxe5 19. Qf2 Qg7 20. Rhe1
Qh6+ 21. Qf4 Qxh3 22. Rxe5 Nxe5 23. Rd2 Qg4 24. h4 Qxf4 25. gxf4 Ng4 26. Nd5
Kd7 27. Re2 Kc6 28. c4 Rd7 29. b4 b5 30. b3 bxc4 31. bxc4 b5 32. Ne7+ Kb7 33.
c5 dxc5 34. bxc5 Rd4 35. c6+ Kb6 36. Rd2 Rxd2 37. Kxd2 Kc5 38. h5 gxh5 39. Nxf5
Kxc6 40. Ng3 h4 41. Nh5 h3 42. f5 h2 43. Ng3 Kd5 44. Nh1 Ke4 45. Ke2 Kxf5 46.
Kf1 Kf4 47. Kg2 b4 48. Ng3 b3 49. Ne2+ Ke3 50. Nc3 Kd3 51. Nb1 c5 52. Na3 c4
53. Nb1 c3 54. Nxc3 Kxc3 55. Kh1 b2 56. Kg2 b1=Q 57. Kg3 Qg1+ 58. Kf4 h1=Q 59.
Kf5 Qd5+ 60. Kf4 Qe5+ 0-1

[Event "26.Schlosspark-Open"]
[Site "Wiesbaden-Biebrich"]
[Date "2014.08.31"]
[Round "6.58"]
[White "Mütsch, Annmarie"]
[Black "Fröhlich-Dill, Astrid"]
[Result "0-1"]
[WhiteElo "1701"]
[BlackElo "1894"]
[PlyCount "124"]
[EventDate "2014.??.??"]
[WhiteTeam "SC Eppingen"]
[BlackTeam "SV 1920 Hofheim"]

1. e4 c5 2. c3 e6 3. d4 cxd4 4. cxd4 d5 5. exd5 Qxd5 6. Nc3 Bb4 7. a3 Bxc3+ 8.
bxc3 Nc6 9. Nf3 Nf6 10. Bd3 b6 11. O-O O-O 12. Re1 Bb7 13. Bg5 Qd8 14. Bc2 Ne7
15. Bxf6 gxf6 16. Nh4 Ng6 17. Nxg6 hxg6 18. Qg4 Kg7 19. Rxe6 Bc8 20. Rae1 Bxe6
21. Rxe6 Qd5 22. Re7 Qg5 23. Qxg5 fxg5 24. Bb3 Rae8 25. Re3 f5 26. Bd5 f4 27.
Rxe8 Rxe8 28. Kf1 Rd8 29. Bc6 g4 30. Ke2 Rh8 31. f3 Rxh2 32. fxg4 Kf6 33. Kd3
g5 34. Bf3 Rh1 35. Kc4 Ra1 36. Kb4 Ke6 37. Kb3 Kd6 38. Kb2 Re1 39. Kb3 Kc7 40.
Bd5 b5 41. Bf3 Re3 42. Kc2 Kb6 43. Kb3 a5 44. Kc2 Re1 45. Kb2 Re3 46. Kc2 b4
47. axb4 axb4 48. cxb4 Kb5 49. d5 Kxb4 50. d6 Re6 51. Kd3 Rxd6+ 52. Ke4 Ra6 53.
Kf5 Ra5+ 54. Kg6 Kc4 55. Be4 Kd4 56. Bf5 Ke5 57. Kxg5 Ra2 58. Kh4 Rxg2 59. Kh3
f3 60. Bd7 Kf4 61. Bc8 Rg1 62. Kh2 f2 0-1

[Event "26.Schlosspark-Open"]
[Site "Wiesbaden-Biebrich"]
[Date "2014.08.31"]
[Round "6.59"]
[White "Lorenz, Hermann"]
[Black "Petreski, Gligur"]
[Result "0-1"]
[WhiteElo "1698"]
[BlackElo "1890"]
[PlyCount "94"]
[EventDate "2014.??.??"]
[WhiteTeam "Sfr.Mainz 1928"]
[BlackTeam "SV Mainz-Mombach"]

1. c4 Nf6 2. g3 g6 3. Bg2 c5 4. Nf3 Bg7 5. O-O Nc6 6. Nc3 O-O 7. a3 d6 8. Qc2
Bg4 9. Rb1 Rb8 10. b4 b6 11. e3 Rc8 12. b5 Bxf3 13. Bxf3 Ne5 14. Bg2 Nxc4 15.
Qa4 Na5 16. d3 e6 17. Bd2 d5 18. Ne2 c4 19. d4 Nb3 20. Rb2 Nxd2 21. Rxd2 Re8
22. Rc2 Qd7 23. Qb4 Bf8 24. Qb2 Rc7 25. a4 Rec8 26. Rfc1 Ne8 27. Kf1 Nd6 28.
Ng1 Nb7 29. Nf3 Bd6 30. Nd2 f5 31. f3 Qe7 32. Nb1 Na5 33. e4 Nb3 34. Re1 Bb4
35. Re3 Qg7 36. exd5 exd5 37. Re5 Rd8 38. f4 Rcd7 39. Bxd5+ Rxd5 40. Rxc4 Rxe5
41. Rxb4 Re4 42. Qxb3+ Qf7 43. Qb2 Rde8 44. Nc3 Qe7 45. Nxe4 Qxe4 46. Qd2 Qf3+
47. Qf2 Qd1+ 0-1

[Event "26.Schlosspark-Open"]
[Site "Wiesbaden-Biebrich"]
[Date "2014.08.31"]
[Round "6.60"]
[White "Huber, Timm"]
[Black "Färber, David"]
[Result "1/2-1/2"]
[WhiteElo "1847"]
[BlackElo "1691"]
[PlyCount "79"]
[EventDate "2014.??.??"]
[WhiteTeam "SJ Herborn 1998"]
[BlackTeam "SV 1947 Walldorf"]

1. d4 c5 2. d5 Nf6 3. c4 e6 4. Nc3 exd5 5. cxd5 d6 6. g3 g6 7. Bg2 Bg7 8. Nf3
O-O 9. O-O a6 10. a4 Nbd7 11. Re1 Ng4 12. e4 Nge5 13. Nd2 Nd3 14. Re2 Qc7 15.
Nc4 Nxc1 16. Rxc1 Ne5 17. Ne3 Ng4 18. Nxg4 Bxg4 19. f3 Bd7 20. Kh1 Rfe8 21. b3
Qa5 22. Qe1 Qb4 23. Rb2 b5 24. axb5 axb5 25. Rbb1 Ra3 26. Ne2 Qxe1+ 27. Rxe1
Rea8 28. f4 b4 29. Nc1 Ra1 30. Nd3 Rxb1 31. Rxb1 Bb5 32. Bf1 Ra1 33. Rxa1 Bxa1
34. e5 dxe5 35. fxe5 Bxd3 36. Bxd3 Bxe5 37. Kg2 Kf8 38. g4 Ke7 39. h3 Kd6 40.
Bc4 1/2-1/2

[Event "26.Schlosspark-Open"]
[Site "Wiesbaden-Biebrich"]
[Date "2014.08.31"]
[Round "6.61"]
[White "Triantafillidis, Dimitrios"]
[Black "Karsay, Pascal"]
[Result "0-1"]
[WhiteElo "1659"]
[BlackElo "1766"]
[PlyCount "120"]
[EventDate "2014.??.??"]
[WhiteTeam "SF HN-Biberach 1978 e.V."]
[BlackTeam "Vorw.Orient Mainz"]

1. e4 c5 2. c3 d5 3. exd5 Qxd5 4. d4 cxd4 5. cxd4 Nc6 6. Nf3 Bg4 7. Be2 e6 8.
Nc3 Qd8 9. O-O Nf6 10. Be3 Be7 11. Rc1 O-O 12. Qd2 Rc8 13. Rfd1 Nb4 14. Bg5
Nbd5 15. Ne5 Bxe2 16. Qxe2 Qa5 17. Qb5 Qxb5 18. Nxb5 a6 19. Nc3 b5 20. Nc6 Rxc6
21. Nxd5 Nxd5 22. Rxc6 Bxg5 23. Rxa6 g6 24. Ra5 Rb8 25. Rd3 b4 26. Rb3 Rc8 27.
g3 Bf6 28. Rxd5 exd5 29. Rxb4 Rc4 30. Rb8+ Kg7 31. f4 Bxd4+ 32. Kg2 Rc2+ 33.
Kh3 Rxb2 34. Rd8 Rxa2 35. Rxd5 Bg1 36. g4 Bxh2 37. f5 Bf4 38. g5 Bxg5 39. Kg4
Bf6 40. fxg6 hxg6 41. Rd1 Ra4+ 42. Kf3 Bg5 43. Rd7 Kf6 44. Rb7 Rf4+ 45. Kg3 Re4
46. Kf3 Re7 47. Rb6+ Kg7 48. Kg4 Kh6 49. Kf3 f5 50. Rb8 Re3+ 51. Kf2 Bf4 52.
Rb4 g5 53. Rb5 Re5 54. Rb6+ Kh5 55. Kf3 Re3+ 56. Kf2 Kg4 57. Rh6 Rh3 58. Rc6
Rh2+ 59. Kf1 Kf3 60. Rc3+ Be3 0-1

[Event "26.Schlosspark-Open"]
[Site "Wiesbaden-Biebrich"]
[Date "2014.08.31"]
[Round "6.62"]
[White "Künitz, Klaus"]
[Black "Niedenthal, Robert"]
[Result "0-1"]
[WhiteElo "1604"]
[BlackElo "1828"]
[PlyCount "52"]
[EventDate "2014.??.??"]
[WhiteTeam "TSV Schott Mainz"]
[BlackTeam "SV 1920 Hofheim"]

1. d4 Nf6 2. c4 c5 3. Nf3 cxd4 4. Nxd4 e5 5. Nb5 d6 6. N1c3 a6 7. Na3 Be6 8.
Bg5 h6 9. Bh4 g5 10. Bg3 Bg7 11. e3 O-O 12. Nc2 Nc6 13. a3 Na5 14. Nb4 Nxc4 15.
Bxc4 Bxc4 16. b3 Be6 17. O-O Rc8 18. Ncd5 Nxd5 19. Nxd5 f5 20. f4 e4 21. Rc1
Rxc1 22. Qxc1 Bxd5 23. fxg5 hxg5 24. Rd1 f4 25. exf4 Bxb3 26. Re1 d5 0-1

[Event "26.Schlosspark-Open"]
[Site "Wiesbaden-Biebrich"]
[Date "2014.08.31"]
[Round "6.63"]
[White "Wöhl, Torsten"]
[Black "Sefeloge, Michael"]
[Result "0-1"]
[WhiteElo "1626"]
[BlackElo "1818"]
[PlyCount "144"]
[EventDate "2014.??.??"]
[WhiteTeam "SC Groß-Zimmern"]
[BlackTeam "SV Turm Lahnstein"]

1. c4 e6 2. Nc3 d5 3. cxd5 exd5 4. d4 Nf6 5. Nf3 Be7 6. g3 O-O 7. Bg2 c6 8. O-O
Re8 9. Bf4 Qb6 10. b3 Bb4 11. Na4 Qa6 12. a3 Bf8 13. Re1 Nbd7 14. b4 Ne4 15.
Ne5 Ndf6 16. f3 Nd6 17. Nc5 Qb6 18. Na4 Qd8 19. Nc3 Nh5 20. Nd3 Nxf4 21. Nxf4
Re3 22. Qc1 Qe8 23. Kf2 Re7 24. Nh5 Re6 25. Nf4 Re7 26. Nh5 f6 27. Nf4 g6 28.
Bh3 Bh6 29. Bxc8 Qxc8 30. e3 Qd7 31. Rg1 Rae8 32. Nd1 Nc4 33. Qc3 a6 34. Ra2
Qf5 35. Re2 Bxf4 36. gxf4 Kf7 37. Rg3 Qb1 38. Rg1 Qf5 39. Rg3 Qe6 40. h4 h5 41.
Qd3 f5 42. Rg1 Qf6 43. Rh1 Nd6 44. Qb3 Nb5 45. Qd3 Nxd4 46. Ree1 Nb5 47. Kg3
Qa1 48. Nf2 Qxa3 49. Qxa3 Nxa3 50. Nd3 Rxe3 51. Ne5+ R3xe5 52. Rxe5 Rxe5 53.
fxe5 Nc4 54. Re1 Ke6 55. f4 Nb2 56. Re2 Nd3 57. Kf3 Nxb4 58. Ke3 c5 59. Rg2 d4+
60. Kd2 Nd5 61. Rxg6+ Kf7 62. Rd6 Nxf4 63. Rd7+ Ke6 64. Rxb7 Kxe5 65. Ra7 Ng2
66. Rxa6 Nxh4 67. Rh6 Nf3+ 68. Kd3 h4 69. Kc4 Kf4 70. Kxc5 d3 71. Rd6 d2 72.
Kc4 h3 0-1

[Event "26.Schlosspark-Open"]
[Site "Wiesbaden-Biebrich"]
[Date "2014.08.31"]
[Round "6.64"]
[White "Zeyen, Helmut"]
[Black "Krastev, Alexander"]
[Result "0-1"]
[WhiteElo "1801"]
[BlackElo "1620"]
[PlyCount "108"]
[EventDate "2014.??.??"]
[WhiteTeam "Wiesbadener SV 1885"]
[BlackTeam "Biebertaler SF"]

1. e4 e5 2. Nf3 Nc6 3. Nc3 Nf6 4. a3 a6 5. d4 d6 6. dxe5 dxe5 7. Qxd8+ Kxd8 8.
Bg5 h6 9. Bxf6+ gxf6 10. O-O-O+ Bd6 11. Nd5 f5 12. Nd2 Ne7 13. Nc4 fxe4 14. Nc3
Nf5 15. Nxe4 Ke7 16. g4 Nd4 17. c3 Nb5 18. a4 Bxg4 19. axb5 axb5 20. Ne3 Ra1+
21. Kc2 Bxd1+ 22. Nxd1 f5 23. Nxd6 Kxd6 24. Rg1 c6 25. Rg6+ Ke7 26. Rg7+ Kd6
27. Rxb7 Rg8 28. Rh7 Rg6 29. Be2 e4 30. Bh5 Rf6 31. Rg7 f4 32. Bg4 Ra8 33. Rd7+
Ke5 34. Kb3 Rg8 35. Re7+ Kd5 36. Rd7+ Rd6 37. Rxd6+ Kxd6 38. Bh3 Rg1 39. Kc2
Rh1 40. Bf5 Kd5 41. Kd2 Rxh2 42. b3 h5 43. c4+ Kd4 44. Bd7 bxc4 45. bxc4 c5 46.
Be6 h4 47. Bf5 h3 48. Ke2 Rh1 49. f3 exf3+ 50. Kxf3 Rxd1 51. Bxh3 Rd3+ 52. Kg2
Rxh3 53. Kxh3 Ke3 54. Kg2 Ke2 0-1

[Event "26.Schlosspark-Open"]
[Site "Wiesbaden-Biebrich"]
[Date "2014.08.31"]
[Round "6.65"]
[White "Arns, Alexander"]
[Black "Roth, Michael"]
[Result "1-0"]
[WhiteElo "1725"]
[BlackElo "1600"]
[PlyCount "83"]
[EventDate "2014.??.??"]
[WhiteTeam "SF HN-Biberach 1978 e.V."]
[BlackTeam "SC Lerchenberg/ZMO"]

1. e4 e5 2. Nf3 Nc6 3. Bb5 Bc5 4. O-O Qf6 5. c3 Nce7 6. d4 exd4 7. cxd4 Bb6 8.
Nc3 c6 9. Bc4 d6 10. e5 Qg6 11. exd6 Qxd6 12. Ne4 Qc7 13. Re1 Bg4 14. Bxf7+ Kf8
15. Neg5 Qd6 16. Be6 Nh6 17. Bxg4 Nxg4 18. Ne6+ Kg8 19. Bf4 Qd7 20. h3 Nf6 21.
Qb3 Nfd5 22. Bg5 h6 23. Bxe7 Qxe7 24. Nf4 Qd6 25. Nxd5 cxd5 26. Re5 Kh7 27.
Rxd5 Qf4 28. Qd3+ Kg8 29. Re1 Rf8 30. Qc4 Kh7 31. Qd3+ Kg8 32. Re7 Qc1+ 33. Kh2
Qf4+ 34. Kg1 Qc1+ 35. Re1 Qf4 36. Qb3 Kh7 37. Qc2+ Kg8 38. Rd7 Qf5 39. Qb3+ Kh7
40. Ree7 Qb1+ 41. Kh2 Rc8 42. Rxg7# 1-0

[Event "26.Schlosspark-Open"]
[Site "Wiesbaden-Biebrich"]
[Date "2014.08.31"]
[Round "6.66"]
[White "Stallknecht, Britta"]
[Black "Rüll, Michael"]
[Result "1/2-1/2"]
[WhiteElo "1618"]
[BlackElo "1797"]
[PlyCount "61"]
[EventDate "2014.??.??"]
[WhiteTeam "SK Großsachsen"]
[BlackTeam "SC 1952 Obertshausen"]

1. e4 c5 2. Nf3 Nc6 3. d4 cxd4 4. Nxd4 e5 5. Nb5 a6 6. Nd6+ Bxd6 7. Qxd6 Qf6 8.
Qxf6 Nxf6 9. Bd3 d5 10. exd5 Nb4 11. Nc3 Nxd3+ 12. cxd3 Bf5 13. Bg5 Bxd3 14.
Bxf6 gxf6 15. O-O-O Bg6 16. Rhe1 Rc8 17. Kd2 Kd7 18. Re2 b5 19. a3 Rc4 20. f3
Rhc8 21. Ke1 Kd6 22. Ne4+ Rxe4 23. fxe4 Bh5 24. Rf2 Bxd1 25. Kxd1 Rc4 26. Rxf6+
Ke7 27. Rxa6 Rxe4 28. Ra7+ Kf6 29. Rd7 Rh4 30. h3 Rc4 31. Kd2 1/2-1/2

[Event "26.Schlosspark-Open"]
[Site "Wiesbaden-Biebrich"]
[Date "2014.08.31"]
[Round "6.67"]
[White "Zerhusen, Martin"]
[Black "Künne, Lutz Dieter"]
[Result "1-0"]
[WhiteElo "1786"]
[BlackElo "1542"]
[PlyCount "93"]
[EventDate "2014.??.??"]
[WhiteTeam "SV Oberursel"]
[BlackTeam "Kings Club 98 Jena"]

1. d4 d5 2. c4 c6 3. Nc3 Nf6 4. e3 e6 5. Nf3 Nbd7 6. a3 dxc4 7. Bxc4 b5 8. Be2
Bb7 9. Bd2 a6 10. b4 Bd6 11. O-O Rc8 12. Qb3 O-O 13. h3 Re8 14. Ng5 h6 15. Nge4
Bc7 16. f4 Nd5 17. g3 Bb6 18. Nd6 N7f6 19. Nxb7 Qc7 20. Nc5 Nxc3 21. Qxc3 Bxc5
22. bxc5 Ne4 23. Qd3 Nxg3 24. Rf2 Nxe2+ 25. Qxe2 g6 26. Rg2 Kh7 27. Qg4 Qd7 28.
Qf3 Qd5 29. Qxd5 exd5 30. h4 h5 31. Kf2 f5 32. Ba5 Re7 33. Ke2 Rce8 34. Rg3 Rg8
35. Kd3 Rb7 36. Kc3 Ra8 37. Rb1 Re7 38. Rb4 Rae8 39. Kd3 Ra8 40. a4 Rd7 41. Kc3
Re7 42. axb5 axb5 43. Bb6 Ra3+ 44. Rb3 Ra8 45. Kb2 Kg7 46. Ra3 Kf7 47. Rxa8 1-0

[Event "26.Schlosspark-Open"]
[Site "Wiesbaden-Biebrich"]
[Date "2014.08.31"]
[Round "6.68"]
[White "Viol, Julius"]
[Black "Brandl, Lea Maria"]
[Result "1/2-1/2"]
[WhiteElo "1516"]
[BlackElo "1781"]
[PlyCount "61"]
[EventDate "2014.??.??"]
[WhiteTeam "FC 1934 Wiesbaden-Bierstadt"]
[BlackTeam "TSV Schott Mainz"]

1. d4 Nf6 2. c4 g6 3. Nf3 Bg7 4. Nc3 d5 5. cxd5 Nxd5 6. e4 Nxc3 7. bxc3 c5 8.
Be3 O-O 9. Be2 Qc7 10. Qb3 Nc6 11. O-O b6 12. Rac1 Rd8 13. Rfd1 Bb7 14. Qc2
Rac8 15. dxc5 Rxd1+ 16. Rxd1 bxc5 17. Bxc5 Ne5 18. Bd4 Nxf3+ 19. Bxf3 Bxd4 20.
Rxd4 Qxc3 21. Rd8+ Kg7 22. Qxc3+ Rxc3 23. h3 Rc7 24. Rd2 h5 25. Kh2 Kf6 26. Rb2
e5 27. h4 Ke6 28. g3 Kd6 29. Rd2+ Ke7 30. Kg2 Ke6 31. Rb2 1/2-1/2

[Event "26.Schlosspark-Open"]
[Site "Wiesbaden-Biebrich"]
[Date "2014.08.31"]
[Round "6.69"]
[White "Kirchner, Stefan"]
[Black "Hafensteiner, Tim"]
[Result "1/2-1/2"]
[WhiteElo "1425"]
[BlackElo "1768"]
[PlyCount "54"]
[EventDate "2014.??.??"]
[WhiteTeam "SF Schöneck"]
[BlackTeam "Biebertaler SF"]

1. e3 Nf6 2. d4 d5 3. c4 c6 4. Nc3 Bf5 5. Nf3 e6 6. Qb3 Qb6 7. Qxb6 axb6 8. Bd2
Be7 9. Rc1 O-O 10. Nh4 Bg4 11. f3 Bh5 12. a3 c5 13. g3 Nc6 14. Nb5 Rfd8 15. Be2
Ne8 16. Ng2 dxc4 17. Nf4 Bg6 18. Nxg6 hxg6 19. dxc5 bxc5 20. Rxc4 Rd7 21. f4
Rad8 22. Rc2 b6 23. Bf3 Nb8 24. h4 Nf6 25. g4 Na6 26. Bc6 Rd3 27. Bf3 R3d7
1/2-1/2

[Event "26.Schlosspark-Open"]
[Site "Wiesbaden-Biebrich"]
[Date "2014.08.31"]
[Round "6.70"]
[White "Schneider, Kevin"]
[Black "Krischak, Werner"]
[Result "0-1"]
[WhiteElo "1155"]
[BlackElo "1764"]
[PlyCount "72"]
[EventDate "2014.??.??"]
[WhiteTeam "SC Turm Breuberg"]
[BlackTeam "SK Marburg 1931/72"]

1. e4 c6 2. d4 d5 3. e5 Bf5 4. Nf3 e6 5. Be2 c5 6. c3 Nc6 7. O-O Qc7 8. Nh4 Bg6
9. Nxg6 hxg6 10. Be3 Nge7 11. f4 Nf5 12. Bf2 cxd4 13. cxd4 Nfxd4 14. Bd3 Nf5
15. Nc3 a6 16. Qb3 Na5 17. Qd1 Bc5 18. Qa4+ Ke7 19. Bxf5 gxf5 20. Bxc5+ Qxc5+
21. Kh1 Nc4 22. Qb3 Qb6 23. Qxb6 Nxb6 24. b3 Rac8 25. Rac1 f6 26. exf6+ gxf6
27. Na4 Nxa4 28. bxa4 Rc6 29. g3 Rhc8 30. Rxc6 bxc6 31. Rb1 Rc7 32. Kg2 e5 33.
Kf3 c5 34. Rb6 c4 35. Ke2 c3 36. Kd1 d4 0-1

[Event "26.Schlosspark-Open"]
[Site "Wiesbaden-Biebrich"]
[Date "2014.08.31"]
[Round "6.71"]
[White "Jakesevic, Ivan"]
[Black "Wachsmann, Dietmar"]
[Result "0-1"]
[WhiteElo "1107"]
[BlackElo "1760"]
[PlyCount "84"]
[EventDate "2014.??.??"]
[WhiteTeam "FC 1934 Wiesbaden-Bierstadt"]
[BlackTeam "SC Groß-Umstadt"]

1. Nf3 d6 2. g3 e5 3. d3 Nf6 4. e4 Be7 5. Nc3 Nbd7 6. Bg2 Nf8 7. b3 Ng6 8. Bb2
c6 9. a3 h6 10. O-O Be6 11. Re1 Qc7 12. d4 O-O 13. dxe5 dxe5 14. Qe2 Rad8 15.
Rad1 b5 16. Nb1 Bc5 17. b4 Bc4 18. Rd3 Bxd3 19. cxd3 Bb6 20. Bh3 a5 21. Bc3
Rfe8 22. Qd2 a4 23. Bb2 Qd6 24. Rd1 h5 25. Bf5 Ng4 26. Bxg4 hxg4 27. Ne1 Qf6
28. Ng2 Rd7 29. Ne3 Red8 30. Qe2 Qf3 31. Qxf3 gxf3 32. Nc3 Rxd3 33. Rxd3 Rxd3
34. Nf1 Bd4 35. h3 Bxc3 36. Bxc3 Rxc3 37. Nd2 Rxa3 38. h4 Rb3 39. Nxb3 axb3 40.
Kf1 b2 41. Kg1 b1=Q+ 42. Kh2 Qf1 0-1

[Event "26.Schlosspark-Open"]
[Site "Wiesbaden-Biebrich"]
[Date "2014.08.31"]
[Round "6.73"]
[White "Sergakis, Leonidas"]
[Black "Roos, Elias"]
[Result "1/2-1/2"]
[WhiteElo "1803"]
[BlackElo "1648"]
[PlyCount "50"]
[EventDate "2014.??.??"]
[WhiteTeam "O.F.C Chania"]
[BlackTeam "SG Trier"]

1. Nf3 Nf6 2. c4 c5 3. g3 g6 4. Bg2 Nc6 5. Nc3 Bg7 6. O-O d6 7. a3 O-O 8. Rb1
a5 9. d3 e6 10. Bd2 Nd7 11. Qc1 f5 12. Bh6 Qe7 13. Bxg7 Qxg7 14. Nb5 Qe7 15.
Qg5 Nf6 16. h4 Rd8 17. Rfd1 e5 18. Nc7 Rb8 19. Nd5 Nxd5 20. cxd5 Qxg5 21. Nxg5
Nd4 22. Kf1 Nb5 23. e3 h6 24. Nf3 Nc7 25. Nd2 b5 1/2-1/2

[Event "26.Schlosspark-Open"]
[Site "Wiesbaden-Biebrich"]
[Date "2014.08.31"]
[Round "6.74"]
[White "Rosmanitz, Anna"]
[Black "Jordake, Michael"]
[Result "1/2-1/2"]
[WhiteElo "1599"]
[BlackElo "1802"]
[PlyCount "153"]
[EventDate "2014.??.??"]
[WhiteTeam "SC 1979 Hattersheim"]
[BlackTeam "SC Bergen-Enkheim 1922"]

1. e4 e5 2. Nf3 Nc6 3. Bb5 Nf6 4. d3 Ne7 5. O-O c6 6. Bc4 Ng6 7. Re1 Be7 8. Bg5
d6 9. c3 O-O 10. d4 Qc7 11. Nbd2 h6 12. Bh4 Bg4 13. Bg3 Rad8 14. h3 Bc8 15. Bb3
Nf4 16. Qc2 Be6 17. dxe5 dxe5 18. Bxe6 fxe6 19. Nc4 Nd7 20. Rad1 Bf6 21. Qc1
Ng6 22. Qe3 b6 23. b4 c5 24. Nb2 Be7 25. Nd3 c4 26. Nb2 b5 27. a4 a6 28. Rd2
Nb6 29. a5 Nc8 30. Red1 Rxd2 31. Rxd2 Bf6 32. Qe2 Nf4 33. Qe3 g5 34. h4 g4 35.
Nh2 h5 36. f3 Rd8 37. Rxd8+ Bxd8 38. fxg4 Qg7 39. Bxf4 exf4 40. Qxf4 Qxc3 41.
Nd1 Qe1+ 42. Qf1 Qxh4 43. Qe2 Be7 44. gxh5 Bxb4 45. Ng4 Bc5+ 46. Ndf2 Nd6 47.
Qf3 Bxf2+ 48. Nxf2 Nf7 49. g3 Ng5 50. Qf4 Qxh5 51. Qb8+ Kf7 52. Qb7+ Kf6 53.
Qxa6 Qf3 54. e5+ Kg6 55. Qb6 Qxg3+ 56. Kf1 c3 57. Qc6 Qxe5 58. a6 c2 59. Qxc2+
Kf7 60. a7 Qa1+ 61. Qd1 Qxa7 62. Qh5+ Kf6 63. Ng4+ Kf5 64. Nh6+ Ke4 65. Qg4+
Kd3 66. Qxg5 Qa1+ 67. Kf2 Qd4+ 68. Ke1 Qc3+ 69. Kf2 Qd2+ 70. Qxd2+ Kxd2 71. Ng4
b4 72. Ne3 b3 73. Kf3 Kd3 74. Nd1 e5 75. Nb2+ Kd4 76. Nd1 Kd3 77. Nb2+ 1/2-1/2

[Event "26.Schlosspark-Open"]
[Site "Wiesbaden-Biebrich"]
[Date "2014.08.31"]
[Round "6.75"]
[White "Brandt, Michael"]
[Black "Moseler, Thomas"]
[Result "1/2-1/2"]
[WhiteElo "1762"]
[BlackElo "1628"]
[PlyCount "99"]
[EventDate "2014.??.??"]
[WhiteTeam "Wiesbadener SV 1885"]
[BlackTeam "SK Lister Turm"]

1. f4 Nf6 2. e3 d5 3. Nf3 Nc6 4. Bb5 Qd6 5. Bxc6+ Qxc6 6. O-O Bg4 7. d3 O-O-O
8. h3 Bxf3 9. Rxf3 e6 10. Qe2 h6 11. b3 Be7 12. Bb2 Rh7 13. Na3 Nd7 14. c4 a6
15. Rc1 Bxa3 16. Bxa3 dxc4 17. Rxc4 Qb6 18. Bb2 Kb8 19. Rf1 Rc8 20. Rfc1 g5 21.
Bd4 Qd6 22. g3 gxf4 23. exf4 f6 24. Bf2 e5 25. f5 Rhh8 26. a4 Rhd8 27. a5 e4
28. Qe3 b6 29. Rc6 Qxd3 30. Qxd3 exd3 31. axb6 cxb6 32. Rxc8+ Rxc8 33. Rxc8+
Kxc8 34. Be3 h5 35. Kf1 Kc7 36. Ke1 Kc6 37. Kd2 Kd5 38. Kxd3 Ke5 39. b4 Kxf5
40. Kd4 Ke6 41. g4 hxg4 42. hxg4 a5 43. bxa5 bxa5 44. g5 fxg5 45. Bxg5 a4 46.
Bc1 Kd6 47. Kc4 Kc6 48. Kb4 Nb6 49. Be3 a3 50. Kxa3 1/2-1/2